书目信息 |
| 题名: |
二十四史人物故事
|
|
| 作者: | 仓阳卿 , 张企荣 著 | |
| 分册: | ||
| 出版信息: | 杭州 浙江教育出版社 1990.6 |
|
| 页数: | 1253页 | |
| 开本: | 19厘米 | |
| 丛书名: | ||
| 单 册: | ||
| 中图分类: | I247.8 | |
| 科图分类: | 22.11 | |
| 主题词: | 历史人物-二十四史--传记--译文 , 小说--中国 | |
| 电子资源: | ||
| ISBN: | 7-5338-0445-7 | |
| 000 | 00985nam0 2200277 45 | |
| 001 | 1558496563 | |
| 005 | 20150129161658.62 | |
| 010 | @a7-5338-0445-7@b精装@dCNY14.00 | |
| 100 | @a19910829d1990 am y0chiy0121 ea | |
| 101 | 0 | @achi |
| 102 | @aCN@b330000 | |
| 105 | @ay z 000yy | |
| 200 | 10 | @a二十四史人物故事@AER SHI SI SHI REN WU GU SHI@f仓阳卿,张企荣著@FCANG YANG QING , ZHANG QI RONG ZHU |
| 210 | @a杭州@c浙江教育出版社@d1990.6 | |
| 215 | @a1253页@d19厘米 | |
| 330 | @a本书从二十四史中选取了各时代和诸领域较有代表性的416位人物,548则故事。每篇故事均有注释、语译和分析提示。本书以简小而不失具体的形式,展现二十四史的特性和概貌。 | |
| 540 | 1 | @a人物 故事@AREN WU GU SHI |
| 605 | @a二十四史-历史人物@x传记@x译文 | |
| 606 | @a历史人物-二十四史@x传记@x译文 | |
| 606 | 0 | @a小说@x中国 |
| 690 | @aI247.8@v4 | |
| 692 | @a22.11 | |
| 701 | 0 | @a仓阳卿@ACANG YANG QING@4著 |
| 701 | 0 | @a张企荣@AZHANG QI RONG@4著 |
| 801 | 0 | @aCN@bTSSF@c20150129 |
| 905 | @aZUCC@dI247.8@eJY177 | |
| 二十四史人物故事/仓阳卿,张企荣著.-杭州:浙江教育出版社,1990.6 |
| 1253页;19厘米 |
| ISBN 7-5338-0445-7(精装):CNY14.00 |
| 本书从二十四史中选取了各时代和诸领域较有代表性的416位人物,548则故事。每篇故事均有注释、语译和分析提示。本书以简小而不失具体的形式,展现二十四史的特性和概貌。 |
| ● |
| 相关链接 |
|
|
|
|
正题名:二十四史人物故事
索取号:I247.8/JY177
 
预约/预借
| 序号 | 登录号 | 条形码 | 馆藏地/架位号 | 状态 | 备注 |
| 1 | 7863717 | 278637174 | 学院路分馆/ [索取号:I247.8/JY177] | 在馆 |